Statistiken für Erkenne die Künstler anhand seiner ersten 3 Alben

Klicken Sie hier um das Quiz zu spielen!

Allgemein

  • Dieses Quiz wurde 123 mal gespielt
  • Das Durchschnittsergebnis liegt bei 8 aus 17

Antwortstatistiken

HinweisAntwort% Korrekt
…Baby One More Time, Oops!…I Did it Again, BritneyBritney Spears
89%
Infinite, The Slim Shady LP, The Marshall Mathers LPEminem
88%
Handwritten, Illuminate, Shawn MendesShawn Mendes
78%
The Fame, Born This Way, ArtpopLady Gaga
69%
Jetzt geht‘s ab, 4 gewinnt, Die 4. DimensionDie Fantastischen Vier
68%
Just A Little More Love, Guetta Blaster, Pop LifeDavid Guetta
64%
Please Please Me, With The Beatles, A Hard Day‘s NightThe Beatles
64%
Raop, Melodie, tru.Cro
55%
Kuku Bra, Makarov Komplex, BlyatCapital Bra
51%
Music of the sun, A Girl like me, Good Girl Gone BadRihanna
46%
Dangerously in Love, B’Day, I Am…Sasha FierceBeyoncé
32%
Alles nix konkretes, Schlagschatten, 12Annenmaykantereit
22%
My Cassette Player, Good News, StardustLena Meyer-Landrut
22%
Up all night, Take me home, Midnight MemoriesOne Direction
18%
Got to be There, Ben, Music & MeMichael Jackson
17%
Irgendwas gegen die Stille, Irgendwie anders, Vielleicht irgendwannWincent Weiss
15%
Laufen lernen, Der Junge, der rennt, Die ReiseMax Giesinger
14%

Verteilung der Resultate

Perzentil nach korrekt beantworteten Fragen

Anzahl Personen mit jedem Resultat

Ihre Resultats-Entwicklung

Sie haben dieses Quiz noch nicht gespielt